000 00542nam a2200217Ia 4500
005 20250425162111.0
008 250425s9999 xx 000 0 und d
041 _aspa
082 _a658.041
100 _aCASAS, IGNACIO F.
245 0 _aLA EMPRESA: ORGANIZACION Y DIRECCION INTEGRAL DE LA EMPRESA
250 _a1A ED.
260 _aArgentina
_bDEPALMA
_c1979
260 _aBUENOS AIRES
300 _a235
650 _aCOMERCIALIZACION
650 _aEMPRESAS
650 _aRELACIONES LABORALES
942 _c01
010 _a50001
999 _c222325
_d222325